000 00451cam a2200181ua 4500
001 8462
008 150130n ii |||gr||||Z||||||eng
040 _cMAIN
041 _aeng
082 _a808
100 _aDutta, K.,
_eAuthor.
245 1 _aSome aspects of rhetoric and prosody
_cBy Kalyannath Dutta
250 _a1st.
260 _aCalcutta:
_bSribhumi,
_c1985.
300 _a240p.
653 _aRhetoric & collections of literature
942 _cBK
999 _c7570
_d7570